| 000 | 00668nam a2200205 a 4500 | ||
|---|---|---|---|
| 001 | 597 | ||
| 003 | CDMR | ||
| 005 | 20131118115002.0 | ||
| 008 | 130130s1973||||||||||||||||||||||||||||d | ||
| 040 |
_aCDMR _bcat _cCDMR |
||
| 100 | 1 |
_aGarcía Labrado, Francisco _9444 |
|
| 245 | 1 | 0 |
_aCriterios de independencia en la prensa _cFrancisco García Labrado ; Pr. Andrés Romero Rubio |
| 260 |
_aMadrid _c1973 _bEscuela Oficial de Periodismo |
||
| 300 |
_a113 p ; _c13 cm |
||
| 490 | 0 | _aTesinas fin de carrera | |
| 490 | 0 | _aDerecho - Ética - Empresa Periodística | |
| 650 | 0 | 4 |
_93728 _aPremsa _xPolítica governamental |
| 650 | 0 | 4 |
_9311 _aEmpreses periodístiques |
| 942 |
_cMON _2udc |
||
| 999 |
_c597 _d597 |
||